书目信息 |
| 题名: |
从零开始学C语言
|
|
| 作者: | 戴晟晖 , 冯志强 编著 | |
| 分册: | ||
| 出版信息: | 北京 电子工业出版社 2017.01 |
|
| 页数: | 356页 | |
| 开本: | 26cm | |
| 丛书名: | 从零开始学编程 | |
| 单 册: | ||
| 中图分类: | TP312.8 | |
| 科图分类: | ||
| 主题词: | C语言--程序设计 | |
| 电子资源: | ||
| ISBN: | 978-7-121-30104-9 | |
| 000 | 01058oam2 2200289 450 | |
| 001 | 012016159998 | |
| 005 | 20170327083616.18 | |
| 010 | @a978-7-121-30104-9@dCNY59.80 | |
| 100 | @a20161214d2017 em y0chiy50 ea | |
| 101 | 0 | @achi |
| 102 | @aCN@b110000 | |
| 105 | @aa z 000yy | |
| 106 | @ar | |
| 200 | 1 | @a从零开始学C语言@9cong ling kai shi xue C yu yan@f戴晟晖,冯志强编著 |
| 205 | @a3版 | |
| 210 | @a北京@c电子工业出版社@d2017.01 | |
| 215 | @a356页@c图@d26cm | |
| 225 | 2 | @a从零开始学编程 |
| 330 | @a本书共4篇分为18章,内容包括C 语言入门基础、C 语言程序、常量/变量与标识符、数据类型、运算符及其表达式、输入与输出、顺序结构与选择结构、循环结构程序设计、结构语句的转移、数组、函数、指针、结构体、共用体和文件等内容。 | |
| 333 | @a本书适合C语言的初学者,也可作为高等院校师生的培训教材 | |
| 462 | 0 | @12001 @a从零开始学编程 |
| 606 | 0 | @aC语言@x程序设计 |
| 690 | @aTP312.8@v5 | |
| 701 | 0 | @a戴晟晖@9dai sheng hui@4编著 |
| 701 | 0 | @a冯志强@9feng zhi qiang@4编著 |
| 801 | 0 | @aCN@b人天书店@c20161214 |
| 905 | @b980454-57@dTP312.8@e1032=3@f4 | |
| 从零开始学C语言/戴晟晖,冯志强编著.-3版.-北京:电子工业出版社,2017.01 |
| 356页:图;26cm.-(从零开始学编程) |
| 使用对象:本书适合C语言的初学者,也可作为高等院校师生的培训教材 |
| ISBN 978-7-121-30104-9:CNY59.80 |
| 本书共4篇分为18章,内容包括C 语言入门基础、C 语言程序、常量/变量与标识符、数据类型、运算符及其表达式、输入与输出、顺序结构与选择结构、循环结构程序设计、结构语句的转移、数组、函数、指针、结构体、共用体和文件等内容。 |
| ● |
| 相关链接 |
|
|
|
|
正题名:从零开始学C语言
索取号:TP312.8/1032=3
 
预约/预借
| 序号 | 登录号 | 条形码 | 馆藏地/架位号 | 状态 | 备注 |
| 1 | 980454 | 209804540 | 第二样本阅览室/ [索取号:TP312.8/1032=3] | 在馆 | |
| 2 | 980455 | 209804559 | 第三借阅区/ [索取号:TP312.8/1032=3] | 在馆 | |
| 3 | 980456 | 209804568 | 第三借阅区/ [索取号:TP312.8/1032=3] | 在馆 | |
| 4 | 980457 | 209804577 | 计算机科学系资料室/ [索取号:TP312.8/1032=3] | 在馆 |